| 000 | 00502nam a2200169 i 4500 | ||
|---|---|---|---|
| 001 | 24538 | ||
| 003 | ES-MaACL | ||
| 005 | 20251003063038.0 | ||
| 007 | t| | ||
| 008 | 021217s1969 sp ||||1| spa d | ||
| 100 | 1 |
_aAnes, Gonzalo, _d1931-2014 _921689 |
|
| 245 | 1 | 0 |
_aEconomía e "Ilustración" en la España del siglo XVIII / _cGonzalo Anés. |
| 260 |
_aBarcelona, etc. : _bAriel, _c[1969] |
||
| 300 |
_a215 p. ; _c18 cm. |
||
| 852 |
_aES-MaACL _jC-40314 _bR.70409 |
||
| 999 |
_c24538 _d24538 |
||